| 000 | 00803nas a2200277 a 4500 | ||
|---|---|---|---|
| 999 |
_c8200 _d8200 |
||
| 001 | 8200 | ||
| 003 | BD - JhCC | ||
| 005 | 20180627104344.0 | ||
| 008 | 920213d19631969bg ar p s0 a0engdd | ||
| 022 | _a0424-1185 | ||
| 035 | _a(BD - JhCC)8200 | ||
| 035 | _aPITT NO. 2625000007 | ||
| 040 |
_aPIT _cPIT _dYUS _dCOO _dBD - JhCC |
||
| 041 | _aeng | ||
| 082 |
_bSTA 1969 _a954 |
||
| 090 |
_aHA1730.8 _b.A25 |
||
| 245 | 0 | 0 | _aStatistical digest of East Pakistan. |
| 260 |
_aDacca : _bEast Pakistan Bureau of Statistics, _c[1964-1971] |
||
| 300 |
_a6 v. ; _c14-19 cm. |
||
| 500 | _a1969 (surrogate) | ||
| 651 | 0 |
_aBangladesh _vStatistics _vPeriodicals. |
|
| 710 | 1 |
_aEast Pakistan (Pakistan). _bBureau of Statistics. |
|
| 785 | 0 | 0 | _tStatistical digest of Bangladesh. |
| 942 |
_2ddc _cBK |
||